000 00424nam a22001457a 4500
003 AR-BeUNQ
005 20241206160758.0
020 _a97898724143
245 _aCuentos policiales :
_bpara chicos curiosos,
_cTadich, Marta,adap
250 _a1.ed
260 _aBuenos Aires :
_bLetra Impresa,
_c2008
490 _aLa Puerta Secreta
942 _cLIB
999 _c1071
_d1071